| 000 | 00519nam a22002057a 4500 | ||
|---|---|---|---|
| 003 | Nust | ||
| 005 | 20211015094604.0 | ||
| 008 | 170307b xxu||||| |||| 00| 0 eng d | ||
| 020 | _a978-81-317-3366-0 | ||
| 038 | _akhadija | ||
| 040 | _cc | ||
| 082 |
_a621.3 _bHUG |
||
| 100 |
_aHiley,John _983191 |
||
| 245 |
_aElectrical And Electronic Technology / _cHughes and Hiley,John |
||
| 260 |
_aNew Delhi : _bPearson , _c2013. |
||
| 300 |
_a1008p. ; _b23 cm. |
||
| 500 | _aPaperback. | ||
| 563 | _aPB | ||
| 942 |
_cBK _2ddc |
||
| 999 |
_c33815 _d33815 |
||